[Event "V Festival Terre degli Elimi A"]
[Site "Erice ITA"]
[Date "2014.07.23"]
[Round "6"]
[White "Antoniacci, Riccardo"]
[Black "Hickman, John E."]
[WhiteElo "1877"]
[BlackElo "1977"]
[Result "1/2-1/2"]
[PlyCount "108"]
[EventDate "2014.07.19"]

1. e4 d6 2. d4 Nf6 3. Nc3 g6 4. Bg5 Bg7 5. f4 O-O 6. Nf3 c5 7. dxc5 Qa5 8. Bd3
Qxc5 9. Qd2 Nc6 10. Qf2 Qb4 11. O-O Qxb2 12. Bxf6 Bxf6 13. Nd5 Bg7 14. Qh4 e6
15. Rab1 Qa3 16. Nf6+ Bxf6 17. Qxf6 Qa5 18. Rb5 Qd8 19. Qc3 Ne7 20. h4 d5 21.
h5 b6 22. g4 Ba6 23. Rb3 Bxd3 24. cxd3 Rc8 25. Qb2 dxe4 26. dxe4 Rc4 27. h6 f6
28. Ng5 Qc8 29. Rd3 Rc2 30. Qa3 fxg5 31. Qxe7 Qc5+ 32. Qxc5 Rxc5 33. Rd7 gxf4
34. Rg7+ Kh8 35. Rd1 f3 36. Rf7 Rcc8 37. Rdd7 Rxf7 38. Rxf7 Kg8 39. Rg7+ Kh8
40. Re7 Kg8 41. Rg7+ Kh8 42. Rxa7 Rf8 43. Kf2 Kg8 44. Rg7+ Kh8 45. Re7 Kg8 46.
Rxe6 Kf7 47. Rxb6 Ra8 48. Rb7+ Kf6 49. Kxf3 Rxa2 50. Rxh7 Kg5 51. e5 Ra3+ 52.
Ke4 Ra4+ 53. Kd5 Ra5+ 54. Kd4 Ra4+ 1/2-1/2

[Event "V Festival Terre degli Elimi A"]
[Site "Erice ITA"]
[Date "2014.07.23"]
[Round "6"]
[White "Bezemer, Arno"]
[Black "Senders, Mischa"]
[WhiteElo "2287"]
[BlackElo "2183"]
[Result "1/2-1/2"]
[PlyCount "40"]
[EventDate "2014.07.19"]

1. d4 d5 2. c4 c6 3. Nf3 Nf6 4. Nc3 dxc4 5. a4 Bf5 6. e3 e6 7. Bxc4 Bb4 8. O-O
O-O 9. Qe2 Bg6 10. Ne5 Nbd7 11. Nxg6 hxg6 12. Rd1 Qa5 13. Bd2 Rad8 14. Be1 Nb6
15. Bb3 e5 16. dxe5 Qxe5 17. f3 Bc5 18. Bf2 Nbd5 19. Nxd5 Nxd5 20. e4 Nf4
1/2-1/2

[Event "V Festival Terre degli Elimi A"]
[Site "Erice ITA"]
[Date "2014.07.23"]
[Round "6"]
[White "Bifulco, Michel"]
[Black "De Coninck, Rafael"]
[WhiteElo "2084"]
[BlackElo "2133"]
[Result "1-0"]
[PlyCount "73"]
[EventDate "2014.07.19"]

1. e4 e6 2. d4 d5 3. e5 c5 4. c3 Nc6 5. Nf3 Bd7 6. a3 Nge7 7. b4 cxd4 8. cxd4
Nf5 9. Bb2 b5 10. Nc3 a5 11. Nxb5 axb4 12. a4 Na7 13. Bd3 Qb6 14. Qe2 Nxb5 15.
axb5 Rxa1+ 16. Bxa1 Be7 17. h4 O-O 18. g4 Nh6 19. Ng5 g6 20. f4 f5 21. h5 Bxg5
22. fxg5 Nxg4 23. hxg6 hxg6 24. Qf1 Qa5 25. Bb2 Qa2 26. Qg2 Kf7 27. Rh7+ Ke8
28. Qc2 Rf7 29. Rh8+ Rf8 30. Rxf8+ Kxf8 31. Qc5+ Ke8 32. Qxb4 Qa8 33. b6 Kf7
34. b7 Qb8 35. Ba3 Bc6 36. Qe7+ Kg8 37. Qxe6+ 1-0

[Event "V Festival Terre degli Elimi A"]
[Site "Erice ITA"]
[Date "2014.07.23"]
[Round "6"]
[White "Blom, Martijn"]
[Black "Iannello, Antonio"]
[WhiteElo "2020"]
[BlackElo "1933"]
[Result "1-0"]
[PlyCount "59"]
[EventDate "2014.07.19"]

1. e4 c5 2. c3 g6 3. Nf3 Bg7 4. d3 Nc6 5. g3 e6 6. Bg2 Nge7 7. O-O d5 8. Qe2
O-O 9. e5 Rb8 10. Nbd2 b5 11. Re1 Qc7 12. h4 b4 13. Nf1 a5 14. Bf4 a4 15. Qd2
Ba6 16. N1h2 bxc3 17. bxc3 a3 18. Ng4 Rb2 19. Qd1 Qa5 20. Nf6+ Kh8 21. d4 cxd4
22. cxd4 Bc4 23. h5 h6 24. Qc1 Qa4 25. Bxh6 Qc2 26. Ng4 Nf5 27. Bxg7+ Kxg7 28.
Qg5 Ncxd4 29. Nxd4 Qd3 30. Nxf5+ 1-0

[Event "V Festival Terre degli Elimi A"]
[Site "Erice ITA"]
[Date "2014.07.23"]
[Round "6"]
[White "Bondielli, Giorgio"]
[Black "Di Misa, Salvatore"]
[WhiteElo "1820"]
[BlackElo "1962"]
[Result "0-1"]
[PlyCount "150"]
[EventDate "2014.07.19"]

1. e4 e6 2. d4 d5 3. e5 c5 4. c3 Nc6 5. Nf3 Qb6 6. a3 cxd4 7. cxd4 Nh6 8. b4
Nf5 9. Bb2 Bd7 10. Be2 Na5 11. Nbd2 Rc8 12. O-O Nc4 13. Nxc4 dxc4 14. Rc1 a5
15. Bc3 axb4 16. axb4 Bc6 17. Nd2 Bb5 18. Nf3 Qd8 19. Qc2 Be7 20. Rfd1 Qd5 21.
Qd2 O-O 22. Ng5 Nh4 23. Nf3 Ba4 24. Re1 Nf5 25. Bd1 Bxd1 26. Rexd1 b5 27. Qb2
Ra8 28. Ra1 Rxa1 29. Rxa1 Ra8 30. h3 h5 31. Qd2 Rxa1+ 32. Bxa1 Qa8 33. Bc3 Qa3
34. Ne1 Bf8 35. Nf3 Ne7 36. Ng5 Nd5 37. Qc2 g6 38. Bd2 Qb3 39. Qe4 Qd3 40. Qxd3
cxd3 41. Ne4 Bxb4 42. Bxb4 Nxb4 43. Kf1 Nc2 44. d5 exd5 45. Nf6+ Kf8 46. Nxd5
b4 47. Nf4 Ke7 48. Nxd3 Ke6 49. Ke2 Kd5 50. Kd2 b3 51. Kc3 Nd4 52. Nc1 Kxe5 53.
Nxb3 Ne2+ 54. Kd2 Nf4 55. g3 Nxh3 56. Ke3 g5 57. Nd2 Ng1 58. Nc4+ Kd5 59. Nd2
f5 60. Nf1 Nh3 61. Nh2 Ng1 62. Nf1 Ke5 63. Nh2 Kf6 64. Nf1 g4 65. Nh2 Kg5 66.
Nf1 Nf3 67. Ke2 Ng1+ 68. Ke3 Nf3 69. Ke2 f4 70. Kd3 h4 71. gxh4+ Kxh4 72. Ke4
Kg5 73. Kd3 Kf5 74. Ke2 Ke4 75. Kd1 Kd3 0-1

[Event "V Festival Terre degli Elimi A"]
[Site "Erice ITA"]
[Date "2014.07.23"]
[Round "6"]
[White "Burg, Twan"]
[Black "De Wit, Tex"]
[WhiteElo "2508"]
[BlackElo "2330"]
[Result "1-0"]
[PlyCount "83"]
[EventDate "2014.07.19"]

1. e4 d6 2. d4 g6 3. Nc3 Bg7 4. Bg5 a6 5. Qd2 b5 6. a4 b4 7. Nd5 a5 8. c3 c6 9.
Ne3 Nf6 10. f3 O-O 11. Bd3 Nbd7 12. Ne2 Rb8 13. O-O h6 14. Bh4 e5 15. Bf2 d5
16. exd5 cxd5 17. Bb5 bxc3 18. bxc3 Bb7 19. Rad1 e4 20. f4 Nb6 21. f5 g5 22. h4
Rc8 23. Rb1 Bc6 24. Qa2 Bxb5 25. Rxb5 Nc4 26. Nxc4 Rxc4 27. hxg5 hxg5 28. Bg3
Ng4 29. Qd2 Bf6 30. Nc1 Kg7 31. Nb3 Rxa4 32. Nc5 Rc4 33. Rb8 Qxb8 34. Bxb8 Rxb8
35. Nd7 Rh8 36. Nb6 Rc6 37. Nxd5 Rh4 38. Nxf6 Kxf6 39. d5 Rc4 40. d6 e3 41. Qd3
Ne5 42. d7 1-0

[Event "V Festival Terre degli Elimi A"]
[Site "Erice ITA"]
[Date "2014.07.23"]
[Round "6"]
[White "Campo, Renato"]
[Black "Peat, Matthew"]
[WhiteElo "1992"]
[BlackElo "2056"]
[Result "1/2-1/2"]
[PlyCount "30"]
[EventDate "2014.07.19"]

1. e4 c6 2. d4 d5 3. f3 e6 4. Nc3 Nf6 5. Be3 Qb6 6. Rb1 c5 7. exd5 exd5 8. Bb5+
Nc6 9. Nge2 a6 10. Bxc6+ Qxc6 11. dxc5 Bxc5 12. Bxc5 Qxc5 13. Qd4 Qxd4 14. Nxd4
O-O 15. O-O Bd7 1/2-1/2

[Event "V Festival Terre degli Elimi A"]
[Site "Erice ITA"]
[Date "2014.07.23"]
[Round "6"]
[White "Claesen, Pieter"]
[Black "Burg, Brent"]
[WhiteElo "2340"]
[BlackElo "2220"]
[Result "1/2-1/2"]
[PlyCount "61"]
[EventDate "2014.07.19"]

1. d4 c5 2. d5 d6 3. e4 g6 4. Nf3 Bg7 5. Bb5+ Nd7 6. a4 Ngf6 7. Nc3 O-O 8. O-O
a6 9. Be2 b6 10. h3 Bb7 11. Bg5 Qc7 12. Bc4 h6 13. Be3 Rad8 14. Qe2 Qc8 15. Ra3
Ne8 16. Rb3 Nc7 17. Bf4 Rfe8 18. Rd1 Qa8 19. Qe3 Kh7 20. Bg3 Qa7 21. e5 b5 22.
axb5 Nb6 23. Qf4 dxe5 24. Qxf7 Nxc4 25. Nxe5 Nxe5 26. Bxe5 Rg8 27. b6 Qa8 28.
bxc7 Rdf8 29. Qe6 Bc8 30. Qxe7 Re8 31. Qxc5 1/2-1/2

[Event "V Festival Terre degli Elimi A"]
[Site "Erice ITA"]
[Date "2014.07.23"]
[Round "6"]
[White "Corsino, Gianluca"]
[Black "Aleksic, Nenad"]
[WhiteElo "2110"]
[BlackElo "2348"]
[Result "0-1"]
[PlyCount "136"]
[EventDate "2014.07.19"]

1. c4 b6 2. Nc3 e6 3. e4 Bb7 4. Nge2 c5 5. d3 d6 6. g3 Nf6 7. Bg2 Be7 8. O-O
Nc6 9. h3 O-O 10. Be3 Re8 11. f4 Bf8 12. Qd2 d5 13. exd5 exd5 14. Nxd5 Nxd5 15.
cxd5 Nb4 16. Nc3 Nxd5 17. Bf2 Qd7 18. d4 Nxc3 19. bxc3 Bxg2 20. Kxg2 cxd4 21.
cxd4 Qd5+ 22. Kg1 Rac8 23. Rac1 h6 24. Rfe1 Red8 25. Rxc8 Rxc8 26. Re5 Qd7 27.
Kg2 Qa4 28. Re2 Rd8 29. Qd3 Qc6+ 30. Qf3 Qc4 31. Qe4 Bd6 32. Rc2 Qa4 33. Qc6
Qxc6+ 34. Rxc6 Kf8 35. Kf3 Ke7 36. Ke4 Kd7 37. Kd5 Bc7 38. Rc3 Bd6 39. Rc6 Bf8
40. Rc3 Re8 41. Be3 Bb4 42. Rb3 Bd6 43. Rc3 h5 44. Rc6 Ba3 45. Rc3 Bb4 46. Rb3
Bd6 47. Rc3 g6 48. g4 hxg4 49. hxg4 Bb4 50. Rb3 Bd6 51. Rc3 Rh8 52. Rc6 Be7 53.
f5 gxf5 54. gxf5 Rh5 55. Bf4 Rxf5+ 56. Be5 Bd8 57. Rd6+ Ke8 58. Kc6 Rf2 59. Rh6
Rc2+ 60. Kd6 Be7+ 61. Kd5 Rxa2 62. Kc6 Rc2+ 63. Kb7 Kd7 64. Kxa7 b5 65. Rb6
Ra2+ 66. Kb7 b4 67. d5 Rd2 68. Rb5 Bd6 0-1

[Event "V Festival Terre degli Elimi A"]
[Site "Erice ITA"]
[Date "2014.07.23"]
[Round "6"]
[White "Dijkhuis, Tycho"]
[Black "Ferro, Mario"]
[WhiteElo "2321"]
[BlackElo "2242"]
[Result "0-1"]
[PlyCount "50"]
[EventDate "2014.07.19"]

1. e4 c5 2. Nf3 d6 3. d4 cxd4 4. Nxd4 Nf6 5. Nc3 a6 6. Be3 e5 7. Nb3 Be6 8. h3
Nbd7 9. f4 b5 10. Qf3 b4 11. Nd5 Bxd5 12. exd5 e4 13. Qd1 Nb6 14. Bxb6 Qxb6 15.
Qd2 g6 16. a3 bxa3 17. Rxa3 Bg7 18. c4 O-O 19. Na5 e3 20. Qc2 Ne4 21. Qxe4 Qb4+
22. Rc3 Bxc3+ 23. Kd1 Qxb2 24. Qc2 Qa1+ 25. Ke2 Bxa5 0-1

[Event "V Festival Terre degli Elimi A"]
[Site "Erice ITA"]
[Date "2014.07.23"]
[Round "6"]
[White "Fabiano, Giuseppe"]
[Black "Gueci, Tea"]
[WhiteElo "2053"]
[BlackElo "2089"]
[Result "0-1"]
[PlyCount "88"]
[EventDate "2014.07.19"]

1. d4 Nf6 2. c4 c5 3. d5 e6 4. Nc3 exd5 5. cxd5 d6 6. Nf3 g6 7. Nd2 Bg7 8. Nc4
O-O 9. Bf4 Ne8 10. Qd2 Bf6 11. a4 Na6 12. Ne4 Be7 13. Bh6 Ng7 14. h4 Nb4 15.
Rc1 f5 16. Qc3 Rf7 17. Ng5 Bxg5 18. Bxg5 Qd7 19. Qd2 Nh5 20. g3 b6 21. Bg2 Ba6
22. b3 Re8 23. Bf3 Nf6 24. Bxf6 Rxf6 25. h5 Qg7 26. hxg6 hxg6 27. Kf1 Kf7 28.
Qg5 Ke7 29. Kg2 Kd7 30. Rh7 Qxh7 31. Qxf6 Bxc4 32. Rxc4 Re7 33. Rh4 Qg7 34. Qg5
Qf7 35. Rh6 Nxd5 36. Rxg6 Nc3 37. Rf6 Qxb3 38. Qxf5+ Kc7 39. Qf4 Rd7 40. Rf8
Qxa4 41. Qe3 Rh7 42. Qe6 Qd7 43. Qg8 Qh3+ 44. Kg1 Nxe2+ 0-1

[Event "V Festival Terre degli Elimi A"]
[Site "Erice ITA"]
[Date "2014.07.23"]
[Round "6"]
[White "Favaloro, Andrea"]
[Black "Bertino, Giacomo"]
[WhiteElo "2008"]
[BlackElo "1918"]
[Result "1-0"]
[PlyCount "93"]
[EventDate "2014.07.19"]

1. e4 c5 2. Nf3 Nc6 3. d4 cxd4 4. Nxd4 g6 5. Nc3 Bg7 6. Be3 Nf6 7. Nxc6 bxc6 8.
e5 Ng8 9. f4 Nh6 10. Qd2 Nf5 11. Bf2 Rb8 12. Bc4 Qa5 13. g4 d5 14. Bb3 Nh6 15.
h3 O-O 16. O-O-O f6 17. e6 Re8 18. Rhe1 Kf8 19. Na4 Qxd2+ 20. Rxd2 Rb4 21. Rd4
Rxb3 22. axb3 f5 23. g5 Bxd4 24. Bxd4 Ng8 25. Nc5 Rd8 26. c3 Rd6 27. Be5 Ke8
28. Kc2 Rxe6 29. Nxe6 Bxe6 30. Ra1 Bd7 31. Rxa7 e6 32. Ra8+ Kf7 33. Bd6 Ne7 34.
Bxe7 Kxe7 35. Rh8 e5 36. Rxh7+ Ke6 37. fxe5 Be8 38. b4 Bf7 39. Kd3 Bg8 40. Rc7
Kxe5 41. Rxc6 Be6 42. Ke3 f4+ 43. Kf3 Bxh3 44. Rxg6 Bf5 45. Rf6 Be4+ 46. Kf2
Bd3 47. Rb6 1-0

[Event "V Festival Terre degli Elimi A"]
[Site "Erice ITA"]
[Date "2014.07.23"]
[Round "6"]
[White "Gelardi, Davide"]
[Black "Castelli, Giovanni J."]
[WhiteElo "1851"]
[BlackElo "1909"]
[Result "1/2-1/2"]
[PlyCount "85"]
[EventDate "2014.07.19"]

1. Nf3 d5 2. c4 dxc4 3. Na3 a6 4. Nxc4 b5 5. Ne3 Bb7 6. g3 Nf6 7. Bg2 e6 8. O-O
Be7 9. b3 O-O 10. Bb2 c5 11. Rc1 Nbd7 12. d3 Rc8 13. Qd2 Qb6 14. g4 Nd5 15. Ne5
Nxe5 16. Bxe5 Rfd8 17. Kh1 f6 18. Bg3 Nxe3 19. Qxe3 Bxg2+ 20. Kxg2 Qc6+ 21. Kg1
Qd5 22. Rfd1 e5 23. g5 Qd4 24. gxf6 Qxe3 25. fxe3 Bxf6 26. Kg2 Bg5 27. Kf3 Re8
28. Ke4 Bf6 29. Rc2 h5 30. Rdc1 h4 31. Be1 Be7 32. Bb4 Rf8 33. Bxc5 Bxc5 34.
Rxc5 Rxc5 35. Rxc5 Rf2 36. Rc2 Rxh2 37. Kxe5 Rh1 38. Kf4 Rg1 39. Rc5 g6 40.
Rc8+ Kg7 41. Rc7+ Kh6 42. Rc8 Kg7 43. Rc7+ 1/2-1/2

[Event "V Festival Terre degli Elimi A"]
[Site "Erice ITA"]
[Date "2014.07.23"]
[Round "6"]
[White "Guccione, Cristoforo"]
[Black "Volkers, Annemarie"]
[WhiteElo "1835"]
[BlackElo "2019"]
[Result "1-0"]
[PlyCount "39"]
[EventDate "2014.07.19"]

1. d4 d5 2. Nc3 Nf6 3. Bg5 e6 4. e4 dxe4 5. Nxe4 Be7 6. Bxf6 Bxf6 7. Nf3 O-O 8.
Bd3 Be7 9. Qe2 Nd7 10. O-O-O Nf6 11. Ne5 Qd5 12. Kb1 Qa5 13. Ng5 c5 14. Nxh7
cxd4 15. Nxf8 Bxf8 16. g4 Nd5 17. Qe4 f5 18. Qxd4 Bc5 19. Nc4 Qa4 20. Qxc5 1-0

[Event "V Festival Terre degli Elimi A"]
[Site "Erice ITA"]
[Date "2014.07.23"]
[Round "6"]
[White "Gueci, Laura"]
[Black "Ravagnani, Tiziano"]
[WhiteElo "1968"]
[BlackElo "2006"]
[Result "1-0"]
[PlyCount "51"]
[EventDate "2014.07.19"]

1. c4 Nf6 2. Nc3 g6 3. g3 Bg7 4. Bg2 c5 5. a3 O-O 6. Rb1 e6 7. d3 d5 8. Bg5 h6
9. Bxf6 Bxf6 10. cxd5 Bxc3+ 11. bxc3 exd5 12. Nh3 Nc6 13. O-O Bxh3 14. Bxh3 Rb8
15. Bg2 Qd6 16. Qa4 a6 17. Rb6 Rfe8 18. Qb3 c4 19. dxc4 dxc4 20. Qxc4 Qxa3 21.
Bxc6 bxc6 22. Rxc6 a5 23. Rxg6+ Kf8 24. Rxh6 Kg7 25. Rh4 Re6 26. Qd4+ 1-0

[Event "V Festival Terre degli Elimi A"]
[Site "Erice ITA"]
[Date "2014.07.23"]
[Round "6"]
[White "Iannello, Andrea"]
[Black "Violi, Vincenzo"]
[WhiteElo "1924"]
[BlackElo "1839"]
[Result "0-1"]
[PlyCount "148"]
[EventDate "2014.07.19"]

1. e4 c5 2. Nf3 d6 3. d4 cxd4 4. Nxd4 Nf6 5. Nc3 a6 6. a4 g6 7. Be2 Bg7 8. Be3
O-O 9. O-O Nc6 10. Qd2 Bd7 11. f3 Rc8 12. Nxc6 Bxc6 13. Rfd1 Nd7 14. Bd4 Bxd4+
15. Qxd4 Nc5 16. a5 Ne6 17. Qe3 Qc7 18. h4 Rfe8 19. Bc4 Bd7 20. Ba2 Qc5 21.
Qxc5 Nxc5 22. Nd5 Be6 23. Nb6 Rc7 24. Bxe6 Nxe6 25. c4 Nc5 26. b4 Nd7 27. Nxd7
Rxd7 28. Rac1 Rc7 29. Rd2 Rec8 30. Rdc2 Kf8 31. Kf2 e6 32. Ke3 Ke7 33. Kd3 Kd7
34. Kd4 Rc6 35. Rc3 R8c7 36. Rh1 h6 37. Rhc1 Ke7 38. Rd1 Rc8 39. Rb1 R8c7 40.
Rb2 Kd7 41. Rd2 Ke7 42. Rd1 Rc8 43. Rdc1 R8c7 44. Rb3 Kd7 45. Rd3 e5+ 46. Ke3
Rxc4 47. Rb1 Rc3 48. Rxc3 Rxc3+ 49. Kd2 Rc4 50. Kd3 Rc6 51. g3 Ke6 52. g4 d5
53. exd5+ Kxd5 54. Ke3 f5 55. Kd3 e4+ 56. fxe4+ fxe4+ 57. Kd2 Kd4 58. b5 e3+
59. Ke2 Rc2+ 60. Kd1 Kd3 61. bxa6 bxa6 62. Rb3+ Rc3 63. Rxc3+ Kxc3 64. Ke2 Kd4
65. g5 hxg5 66. hxg5 Ke4 67. Ke1 Kf4 68. Ke2 Kg4 69. Kxe3 Kxg5 70. Kf3 Kh4 71.
Kg2 Kg4 72. Kf2 Kf4 73. Ke2 Ke4 74. Kd2 Kd4 0-1

[Event "V Festival Terre degli Elimi A"]
[Site "Erice ITA"]
[Date "2014.07.23"]
[Round "6"]
[White "Iordachescu, Viorel"]
[Black "Levitt, Jonathan Paul"]
[WhiteElo "2593"]
[BlackElo "2420"]
[Result "1-0"]
[PlyCount "67"]
[EventDate "2014.07.19"]

1. e4 e6 2. d4 d5 3. Nc3 Bb4 4. e5 c5 5. a3 Bxc3+ 6. bxc3 Ne7 7. h4 b6 8. h5 h6
9. Qg4 Kf8 10. Rh3 Ba6 11. Ne2 Nbc6 12. Rf3 Kg8 13. Nf4 Bxf1 14. Nxe6 fxe6 15.
Qxe6+ Kh7 16. Rf7 Qf8 17. Rxf8 Rhxf8 18. Kxf1 Rae8 19. Be3 Nd8 20. Qg4 Nf5 21.
Kg1 Ne6 22. a4 c4 23. Re1 Kh8 24. Bc1 Rf7 25. Ba3 Kg8 26. f3 Ng5 27. Bc1 Ne6
28. f4 Rd8 29. Qh3 Rdf8 30. g4 Ne7 31. f5 Nxf5 32. gxf5 Rxf5 33. Re2 Kh8 34.
Be3 1-0

[Event "V Festival Terre degli Elimi A"]
[Site "Erice ITA"]
[Date "2014.07.23"]
[Round "6"]
[White "Iwanow, Anna"]
[Black "De Wachter, Matthias"]
[WhiteElo "2210"]
[BlackElo "2276"]
[Result "1-0"]
[PlyCount "69"]
[EventDate "2014.07.19"]

1. e4 c6 2. d4 d5 3. Nc3 dxe4 4. Nxe4 Bf5 5. Ng3 Bg6 6. h4 h6 7. f4 e6 8. Nf3
Nd7 9. h5 Bh7 10. Bd3 Bxd3 11. Qxd3 Ngf6 12. Bd2 c5 13. O-O-O Qc7 14. Ne5 cxd4
15. Qxd4 Bc5 16. Qa4 O-O 17. Nxd7 Nxd7 18. Ne4 Be7 19. g4 Nb6 20. Qb3 Qc4 21.
Qxc4 Nxc4 22. Bc3 Rad8 23. g5 Nd6 24. Nxd6 Bxd6 25. Rxd6 Rxd6 26. gxh6 e5 27.
hxg7 Re8 28. fxe5 Rh6 29. Bd2 Rhe6 30. h6 Rxe5 31. Bc3 f6 32. Bxe5 fxe5 33. Kd2
e4 34. Ke3 Kh7 35. c4 1-0

[Event "V Festival Terre degli Elimi A"]
[Site "Erice ITA"]
[Date "2014.07.23"]
[Round "6"]
[White "Lombardo, Corrado"]
[Black "Savalla, Pietro"]
[WhiteElo "1830"]
[BlackElo "1894"]
[Result "1/2-1/2"]
[PlyCount "53"]
[EventDate "2014.07.19"]

1. e4 e5 2. Nf3 d6 3. d4 exd4 4. Nxd4 Nf6 5. Nc3 Be7 6. Be2 O-O 7. Bf4 a6 8.
Qd2 Nc6 9. Nxc6 bxc6 10. Bc4 Nd7 11. O-O Bf6 12. Rad1 Rb8 13. Bb3 Bb7 14. Be3
Re8 15. f3 Qe7 16. Rfe1 Rbd8 17. Kh1 Ne5 18. Qc1 Bc8 19. Ne2 Bd7 20. Nf4 Ng6
21. Nh5 Rb8 22. Nxf6+ Qxf6 23. Bd4 Qh4 24. Qd2 Ne5 25. Qf2 Qh5 26. Qg3 Ng6 27.
Bc3 1/2-1/2

[Event "V Festival Terre degli Elimi A"]
[Site "Erice ITA"]
[Date "2014.07.23"]
[Round "6"]
[White "Manakova, Maria"]
[Black "Warakomski, Tomasz"]
[WhiteElo "2273"]
[BlackElo "2501"]
[Result "1-0"]
[PlyCount "59"]
[EventDate "2014.07.19"]

1. e4 c5 2. Nf3 Nc6 3. d4 cxd4 4. Nxd4 g6 5. Nc3 Bg7 6. Nde2 Rb8 7. g3 b5 8.
Bg2 b4 9. Nd5 e6 10. Ne3 Nge7 11. O-O O-O 12. a3 bxa3 13. Rxa3 Rxb2 14. Bxb2
Bxb2 15. Ra2 Bg7 16. Qd2 a5 17. Rd1 Qc7 18. c3 Rd8 19. Nd4 Ba6 20. h3 Qb6 21.
Qb2 Qa7 22. Qa3 Bf8 23. Qa4 Qc5 24. e5 Bb7 25. Ng4 Kh8 26. Nxc6 Nxc6 27. Qf4
Bg7 28. Qxf7 Nb8 29. Nh6 Rf8 30. Qg8+ 1-0

[Event "V Festival Terre degli Elimi A"]
[Site "Erice ITA"]
[Date "2014.07.23"]
[Round "6"]
[White "Mantovani, Renzo"]
[Black "Bijlsma, Nick"]
[WhiteElo "2349"]
[BlackElo "2210"]
[Result "0-1"]
[PlyCount "98"]
[EventDate "2014.07.19"]

1. g3 g6 2. Bg2 Bg7 3. c4 e5 4. Nc3 Nc6 5. Rb1 d6 6. b4 Nf6 7. d3 O-O 8. Nf3
Nh5 9. b5 Ne7 10. O-O f5 11. Qb3 Kh8 12. a4 h6 13. Ba3 Be6 14. Ne1 Rb8 15. Nc2
g5 16. Nb4 f4 17. Nbd5 Nf5 18. Qd1 g4 19. c5 Nd4 20. cxd6 cxd6 21. Be4 f3 22.
e3 Nf5 23. Qc2 Nf6 24. Rfc1 Nh7 25. Qd1 h5 26. Rc2 h4 27. Kf1 Ng5 28. Bxf5 Rxf5
29. e4 Rf7 30. Bc1 Nh3 31. Be3 b6 32. Nb4 Rbb7 33. Ncd5 Bf6 34. Nxf6 Qxf6 35.
Nd5 Qg6 36. Rbc1 hxg3 37. hxg3 Rh7 38. Rc8+ Bxc8 39. Rxc8+ Kg7 40. Ke1 Nxf2 41.
Qb3 Rh1+ 42. Kd2 Rd1+ 43. Kc2 Rxd3 44. Qc4 Rxd5 45. Qxd5 Qxe4+ 46. Qxe4 Nxe4
47. Kd3 f2 48. Rc1 d5 49. Rf1 Rf7 0-1

[Event "V Festival Terre degli Elimi A"]
[Site "Erice ITA"]
[Date "2014.07.23"]
[Round "6"]
[White "Marzaduri, Riccardo"]
[Black "Valguarnera, Girolamo"]
[WhiteElo "1944"]
[BlackElo "2090"]
[Result "1/2-1/2"]
[PlyCount "87"]
[EventDate "2014.07.19"]

1. e4 c5 2. Nf3 Nc6 3. d4 cxd4 4. Nxd4 Nf6 5. Nc3 d6 6. Be2 e6 7. Nb3 Be7 8.
O-O O-O 9. Be3 a6 10. a4 b6 11. f4 Bd7 12. Bf3 Rc8 13. Qd2 Qc7 14. Rad1 Rfd8
15. Qf2 Rb8 16. g4 Be8 17. g5 Nd7 18. Kh1 Bf8 19. Bg4 Nc5 20. f5 Ne5 21. Bh3
exf5 22. Nxc5 bxc5 23. Nd5 Qc6 24. Bxf5 Qxa4 25. Qh4 Ng6 26. Bxg6 fxg6 27.
Rxf8+ Kxf8 28. Rf1+ Bf7 29. b3 Qe8 30. Rf3 Kg8 31. Rh3 h5 32. gxh6 Bxd5 33.
exd5 Rb4 34. c4 g5 35. Bxg5 Qf7 36. Bf4 Re8 37. hxg7 Qg6 38. Re3 Rbb8 39. Rg3
Qe4+ 40. Kg1 Qe1+ 41. Kg2 Qe2+ 42. Kg1 Qd1+ 43. Kg2 Qe2+ 44. Kg1 1/2-1/2

[Event "V Festival Terre degli Elimi A"]
[Site "Erice ITA"]
[Date "2014.07.23"]
[Round "6"]
[White "Messina, Damiano"]
[Black "Ovaskainen, Juha"]
[WhiteElo "1857"]
[BlackElo "1839"]
[Result "1/2-1/2"]
[PlyCount "77"]
[EventDate "2014.07.19"]

1. c4 Nf6 2. Nc3 e5 3. g3 Nc6 4. Bg2 Bb4 5. Nd5 Bc5 6. e3 O-O 7. Ne2 Re8 8. O-O
a5 9. d4 Bf8 10. Nec3 Nxd5 11. cxd5 Nb8 12. e4 d6 13. f4 f6 14. fxe5 dxe5 15.
dxe5 fxe5 16. Be3 Bd6 17. Nb5 Qe7 18. Rc1 Na6 19. Qc2 Bg4 20. a3 h6 21. h3 Bd7
22. Nxd6 cxd6 23. Qe2 Rf8 24. b3 Rxf1+ 25. Bxf1 Qe8 26. Kh2 Rc8 27. Rxc8 Qxc8
28. Qc4 Qxc4 29. Bxc4 b5 30. Be2 Nc5 31. Bxc5 dxc5 32. Kg2 Kf7 33. h4 g6 34.
Kf3 Kf6 35. g4 g5 36. h5 Ke7 37. Ke3 Kd6 38. Kd3 Bc8 39. Kc3 1/2-1/2

[Event "V Festival Terre degli Elimi A"]
[Site "Erice ITA"]
[Date "2014.07.23"]
[Round "6"]
[White "Mollema, Thomas"]
[Black "Smith, Thijmen"]
[WhiteElo "2076"]
[BlackElo "2225"]
[Result "1/2-1/2"]
[PlyCount "45"]
[EventDate "2014.07.19"]

1. e4 c5 2. c3 Nf6 3. e5 Nd5 4. d4 cxd4 5. Nf3 e6 6. cxd4 d6 7. Bc4 Nc6 8. O-O
Be7 9. Nbd2 O-O 10. Ne4 dxe5 11. dxe5 Qc7 12. Re1 Nxe5 13. Bxd5 Nxf3+ 14. Qxf3
exd5 15. Nc3 Be6 16. Nxd5 Bxd5 17. Qxd5 Bb4 18. Re4 Rad8 19. Qb3 Bd6 20. h3
Rfe8 21. Rxe8+ Rxe8 22. Be3 a6 23. Rd1 1/2-1/2

[Event "V Festival Terre degli Elimi A"]
[Site "Erice ITA"]
[Date "2014.07.23"]
[Round "6"]
[White "Pisacane, Pietro"]
[Black "Aranaz Portugues, Jose' Carlos"]
[WhiteElo "2058"]
[BlackElo "2096"]
[Result "1-0"]
[PlyCount "75"]
[EventDate "2014.07.19"]

1. d4 e6 2. Nf3 d5 3. c4 c6 4. e3 f5 5. Bd3 Nf6 6. O-O Bd6 7. b3 Qe7 8. Bb2 b6
9. Qc1 a5 10. Ba3 Bxa3 11. Qxa3 Nbd7 12. cxd5 Nxd5 13. Qxe7+ Kxe7 14. a4 Nb4
15. Bc4 h6 16. Nc3 g5 17. e4 f4 18. d5 g4 19. Nd4 Ne5 20. Nxc6+ Nexc6 21. dxc6
Nxc6 22. f3 g3 23. hxg3 fxg3 24. f4 Bd7 25. Rf3 Rhg8 26. Rd1 Raf8 27. Rfd3 Bc8
28. Rd6 Nd8 29. Ne2 Nb7 30. Rxb6 Nc5 31. f5 Rg4 32. Rc6 Nxe4 33. Bxe6 Bxe6 34.
Rxe6+ Kf7 35. Rd7+ Kg8 36. Rd4 Nf2 37. Rxg4+ Nxg4 38. Rg6+ 1-0

[Event "V Festival Terre degli Elimi A"]
[Site "Erice ITA"]
[Date "2014.07.23"]
[Round "6"]
[White "Sadzikowski, Daniel"]
[Black "Maiorov, Nikita"]
[WhiteElo "2481"]
[BlackElo "2531"]
[Result "0-1"]
[PlyCount "82"]
[EventDate "2014.07.19"]

1. e4 e5 2. Nf3 Nc6 3. Bb5 a6 4. Ba4 Nf6 5. O-O Be7 6. Re1 b5 7. Bb3 d6 8. c3
O-O 9. d4 Bg4 10. Be3 exd4 11. cxd4 Na5 12. Bc2 Nc4 13. Bc1 c5 14. b3 Nb6 15.
Nbd2 Nfd7 16. h3 Bh5 17. Bb2 Re8 18. Rc1 Rb8 19. dxc5 dxc5 20. g4 Bg6 21. Nf1
c4 22. Ng3 Rc8 23. Bb1 Nc5 24. Bd4 Ne6 25. Be3 Qc7 26. h4 h6 27. h5 Bh7 28. Nf5
Ba3 29. e5 Bxc1 30. Qxc1 Nd5 31. Nd6 Bxb1 32. Qxb1 c3 33. Bc1 c2 34. Qb2 Nb4
35. Re3 Rb8 36. Ne1 Qd7 37. Rg3 Rec8 38. a3 Na2 39. Nd3 Nxc1 40. Qxc1 Rc3 41.
Qd2 Qc6 0-1

[Event "V Festival Terre degli Elimi A"]
[Site "Erice ITA"]
[Date "2014.07.23"]
[Round "6"]
[White "Santagati, Alessandro"]
[Black "Aranaz Murillo, Amalia"]
[WhiteElo "2216"]
[BlackElo "2298"]
[Result "1/2-1/2"]
[PlyCount "103"]
[EventDate "2014.07.19"]

1. e4 e6 2. Qe2 Be7 3. Nf3 d5 4. d3 Nf6 5. g3 b5 6. Bg2 c5 7. O-O Nc6 8. Bf4
O-O 9. e5 Nd7 10. h4 b4 11. h5 h6 12. Nbd2 a5 13. Rfe1 Ba6 14. Nf1 c4 15. Qd2
cxd3 16. cxd3 Nc5 17. d4 Ne4 18. Qe3 a4 19. N1d2 Nxd2 20. Nxd2 Qb6 21. Nf3 Rfc8
22. g4 Na5 23. Nd2 a3 24. Reb1 axb2 25. Rxb2 Rc3 26. Qxc3 bxc3 27. Rxb6 cxd2
28. Bf1 Bxf1 29. Kxf1 Nc4 30. Rb7 Ba3 31. Ke2 Bc1 32. Be3 Ra3 33. Rb3 Ra4 34.
Rb8+ Kh7 35. Rbb1 Nxe3 36. fxe3 d1=Q+ 37. Kxd1 Bxe3 38. Rb7 Bxd4 39. Rc1 Bxe5
40. Rxf7 Rxg4 41. Rc6 Rg5 42. Rxe6 Rxh5 43. a4 Bc3 44. Re3 Kg6 45. Rd7 Bf6 46.
a5 Rh1+ 47. Ke2 Rh2+ 48. Kf1 Ra2 49. Rxd5 h5 50. Re2 Ra1+ 51. Kg2 h4 52. Re6
1/2-1/2